[Event "I Memorial Vanderley Cason Melo"]
[Site "Campinas BRA"]
[Date "2010.01.21"]
[Round "9.1"]
[White "Name, Gabriel Ricardo S"]
[Black "Santos, Marcus Vinicius M"]
[Result "1-0"]
[WhiteElo "2170"]
[BlackElo "2394"]
[PlyCount "89"]
[EventDate "2010.01.16"]
[EventType "tourn"]
[EventRounds "1"]
[EventCountry "BRA"]
[EventCategory "8"]
[Source "lmi"]
[SourceDate "2010.01.16"]

1. d4 Nf6 2. Nf3 g6 3. c4 Bg7 4. d5 b5 5. cxb5 a6 6. bxa6 Bxa6 7. Nc3 c5 8.
dxc6 Nxc6 9. g3 d5 10. e3 Bxf1 11. Kxf1 O-O 12. Kg2 Qa5 13. Bd2 Rfb8 14. Rb1 e6
15. Nd4 Nxd4 16. exd4 Nd7 17. Be3 Nb6 18. b4 Qa7 19. Rb3 Bf8 20. a3 Nc4 21. Bc1
Bg7 22. Ne2 Qb6 23. Qd3 Rb7 24. Be3 Rba7 25. Ra1 Qc6 26. Kg1 Bf8 27. Bf4 Ra4
28. Qc3 Qb5 29. Nc1 Qa6 30. Nd3 Qa7 31. Bc1 Bg7 32. Nc5 Ra6 33. Rab1 Rc6 34.
Qd3 e5 35. dxe5 Nxe5 36. Qxd5 Rcc8 37. Bf4 Re8 38. Qb7 Nc4 39. Qxa7 Rxa7 40. a4
Bd4 41. Rc1 Nb2 42. a5 Rae7 43. Be3 Rxe3 44. fxe3 Rxe3 45. Kf1 1-0

[Event "I Memorial Vanderley Cason Melo"]
[Site "Campinas BRA"]
[Date "2010.01.21"]
[Round "9.3"]
[White "Flores, Diego"]
[Black "De Nucci, Gilberto"]
[Result "1-0"]
[WhiteElo "2599"]
[BlackElo "2073"]
[PlyCount "65"]
[EventDate "2010.01.16"]
[EventType "tourn"]
[EventRounds "1"]
[EventCountry "BRA"]
[EventCategory "8"]
[Source "lmi"]
[SourceDate "2010.01.16"]

1. d4 Nf6 2. c4 c5 3. d5 e5 4. Nc3 d6 5. e4 Nbd7 6. Nf3 a6 7. Be2 Be7 8. a3 O-O
9. O-O Ne8 10. b4 b6 11. Rb1 g6 12. Ne1 Bg5 13. Nd3 Bxc1 14. Qxc1 Ng7 15. a4 f5
16. a5 bxa5 17. bxc5 dxc5 18. Qa3 Qe7 19. Bd1 fxe4 20. Nxe4 Nf5 21. Ba4 Qh4 22.
f3 Ne3 23. Rf2 Nxc4 24. Qc3 Nd6 25. Bc6 Nxe4 26. fxe4 Rxf2 27. Nxf2 Rb8 28.
Rxb8 Nxb8 29. Qxe5 Qh6 30. Ba4 Qe3 31. g3 Bh3 32. Qxb8+ Kg7 33. Qb1 1-0

[Event "I Memorial Vanderley Cason Melo"]
[Site "Campinas BRA"]
[Date "2010.01.21"]
[Round "9.4"]
[White "Stamenkovic, Dragan"]
[Black "Leitao, Rafael"]
[Result "0-1"]
[WhiteElo "2394"]
[BlackElo "2620"]
[PlyCount "92"]
[EventDate "2010.01.16"]
[EventType "tourn"]
[EventRounds "1"]
[EventCountry "BRA"]
[EventCategory "8"]
[Source "lmi"]
[SourceDate "2010.01.16"]

1. d4 Nf6 2. Bg5 e6 3. Nf3 h6 4. Bh4 d6 5. e3 g5 6. Bg3 Nh5 7. Bd3 Bg7 8. Nbd2
Qe7 9. h4 g4 10. Ng1 e5 11. d5 f5 12. c3 O-O 13. Ne2 Nd7 14. Qc2 Nb6 15. O-O-O
Nxd5 16. Qb3 Be6 17. Qxb7 Rab8 18. Qa6 Nb6 19. f3 d5 20. fxg4 fxg4 21. Bg6 Nxg3
22. Nxg3 e4 23. Nh5 Nd7 24. Nb3 Ne5 25. Nxg7 Kxg7 26. h5 Nd3+ 27. Rxd3 exd3 28.
Qxa7 Rb6 29. Rd1 Bf5 30. Bxf5 Rxf5 31. Rxd3 Rxh5 32. Nd4 Rf6 33. Ne2 Re5 34.
Nf4 Qd6 35. g3 Rf7 36. Qd4 c5 37. Nh5+ Kh7 38. Qxg4 Rg5 39. Qd1 c4 40. Rd4 Qe5
41. g4 Qxe3+ 42. Kb1 Re5 43. a3 Qf2 44. Ka2 Re1 45. Qd2 Qf1 46. Qc2+ Kh8 0-1

[Event "I Memorial Vanderley Cason Melo"]
[Site "Campinas BRA"]
[Date "2010.01.21"]
[Round "9.5"]
[White "Saldaño Dayer, Horacio"]
[Black "Mekhitarian, Krikor Sevag"]
[Result "1/2-1/2"]
[WhiteElo "2415"]
[BlackElo "2486"]
[PlyCount "33"]
[EventDate "2010.01.16"]
[EventType "tourn"]
[EventRounds "1"]
[EventCountry "BRA"]
[EventCategory "8"]
[Source "lmi"]
[SourceDate "2010.01.16"]

1. e4 c5 2. c3 Nf6 3. e5 Nd5 4. Nf3 Nc6 5. Bc4 Nb6 6. Be2 d5 7. exd6 Qxd6 8.
O-O Bg4 9. Na3 e6 10. h3 Bh5 11. d4 cxd4 12. Nb5 Qd7 13. Nfxd4 Bxe2 14. Qxe2 a6
15. Nxc6 Qxc6 16. Nd4 Qc4 17. Qxc4 1/2-1/2

[Event "I Memorial Vanderley Cason Melo"]
[Site "Campinas BRA"]
[Date "2010.01.21"]
[Round "9.6"]
[White "Mareco, Sandro"]
[Black "Fier, Alexandr"]
[Result "1/2-1/2"]
[WhiteElo "2526"]
[BlackElo "2601"]
[PlyCount "64"]
[EventDate "2010.01.16"]
[EventType "tourn"]
[EventRounds "1"]
[EventCountry "BRA"]
[EventCategory "8"]
[Source "lmi"]
[SourceDate "2010.01.16"]

1. d4 Nf6 2. c4 g6 3. Nc3 Bg7 4. e4 d6 5. Nf3 O-O 6. Be2 Nbd7 7. O-O e5 8. Re1
Re8 9. d5 Nh5 10. Bf1 Bf8 11. Be3 Ng7 12. Nd2 Be7 13. b4 Bg5 14. Bxg5 Qxg5 15.
Rc1 Qd8 16. Nb3 f5 17. c5 Nf6 18. Nd2 a6 19. a4 Rf8 20. Qc2 fxe4 21. Ncxe4 Nxe4
22. Nxe4 Rf7 23. Qd2 Bf5 24. Ng3 Qf6 25. a5 h5 26. f3 h4 27. Ne4 Bxe4 28. fxe4
Rb8 29. Qe3 Nh5 30. g3 hxg3 31. hxg3 Qf3 32. Rc3 Qg4 1/2-1/2

[Event "I Memorial Vanderley Cason Melo"]
[Site "Campinas BRA"]
[Date "2010.01.21"]
[Round "9.7"]
[White "El Debs, Felipe de Cresce"]
[Black "Rodriguez Vila, Andres"]
[Result "1-0"]
[WhiteElo "2480"]
[BlackElo "2521"]
[PlyCount "105"]
[EventDate "2010.01.16"]
[EventType "tourn"]
[EventRounds "1"]
[EventCountry "BRA"]
[EventCategory "8"]
[Source "lmi"]
[SourceDate "2010.01.16"]

1. Nf3 d6 2. d4 g6 3. e4 Nd7 4. Bc4 e6 5. Qe2 Bg7 6. e5 Ne7 7. O-O O-O 8. Bg5
h6 9. Bh4 Nb6 10. Bb3 Qe8 11. Bg3 Nf5 12. c3 Bd7 13. Na3 Bc6 14. Bf4 Qe7 15. g4
Nh4 16. Nxh4 Qxh4 17. exd6 h5 18. f3 hxg4 19. fxg4 cxd6 20. Bxd6 Rad8 21. Bg3
Qh3 22. Rad1 Nd5 23. Rd3 Nb4 24. Rd2 Bh6 25. Bf4 Bxf4 26. Rxf4 Nd5 27. Bxd5
Rxd5 28. Nc2 e5 29. dxe5 Re8 30. Rxd5 Bxd5 31. Ne1 Bxa2 32. Rd4 Be6 33. Nd3 b6
34. Nf2 Qh8 35. Qb5 Kf8 36. Ne4 Qh3 37. Nf6 Qe3+ 38. Kg2 Rc8 39. Re4 Qd2+ 40.
Re2 Qd1 41. Rf2 Rd8 42. Qb4+ Kg7 43. Qf4 Qb1 44. Rd2 Rxd2+ 45. Qxd2 Bc8 46. Kg3
Qg1+ 47. Kh4 Qc5 48. Qd4 Qe7 49. Qd6 Kf8 50. Kg5 a5 51. h4 Qxd6 52. exd6 Ba6
53. h5 1-0

[Event "I Memorial Vanderley Cason Melo"]
[Site "Campinas BRA"]
[Date "2010.01.22"]
[Round "10.1"]
[White "Santos, Marcus Vinicius M"]
[Black "Rodriguez Vila, Andres"]
[Result "0-1"]
[WhiteElo "2394"]
[BlackElo "2521"]
[PlyCount "98"]
[EventDate "2010.01.16"]
[EventType "tourn"]
[EventRounds "1"]
[EventCountry "BRA"]
[EventCategory "8"]
[Source "lmi"]
[SourceDate "2010.01.16"]

1. d4 Nf6 2. c4 e6 3. Nc3 Bb4 4. e3 b6 5. Nge2 O-O 6. a3 Be7 7. Nf4 Bb7 8. Bd3
d6 9. d5 e5 10. Nfe2 Nbd7 11. Ng3 g6 12. e4 Ne8 13. Bh6 Ng7 14. Qd2 Nf6 15. Be2
Kh8 16. O-O Bc8 17. h3 Ng8 18. Be3 Bh4 19. Nh1 f5 20. f4 Bf6 21. Nf2 exf4 22.
Bxf4 g5 23. Be3 f4 24. Bd4 Nh6 25. Rae1 Nf7 26. Bxf6 Qxf6 27. Nb5 Ne5 28. Nxc7
Rb8 29. Nb5 Rb7 30. Qc3 h5 31. Nd3 Re7 32. Nxe5 dxe5 33. g4 a6 34. d6 Ref7 35.
Nc7 Qxd6 36. Nd5 Ne6 37. gxh5 Nd4 38. Bg4 Qc5 39. Kh2 Bxg4 40. hxg4 f3 41. Qb4
f2 42. Rd1 Nf3+ 43. Kh1 Qc8 44. Qd6 Rh7 45. h6 Rhf7 46. Ne3 Rf6 47. Qd5 Rxh6+
48. Kg2 Nh4+ 49. Kh2 Nf5+ 0-1

[Event "I Memorial Vanderley Cason Melo"]
[Site "Campinas BRA"]
[Date "2010.01.22"]
[Round "10.2"]
[White "Fier, Alexandr"]
[Black "El Debs, Felipe de Cresce"]
[Result "1/2-1/2"]
[WhiteElo "2601"]
[BlackElo "2480"]
[PlyCount "51"]
[EventDate "2010.01.16"]
[EventType "tourn"]
[EventRounds "1"]
[EventCountry "BRA"]
[EventCategory "8"]
[Source "lmi"]
[SourceDate "2010.01.16"]

1. e4 c5 2. Nf3 Nc6 3. d4 cxd4 4. Nxd4 g6 5. Nc3 Bg7 6. Be3 Nf6 7. Bc4 Qa5 8.
O-O O-O 9. Nb3 Qc7 10. f4 d6 11. Be2 a6 12. Bf3 Be6 13. Qd2 Bc4 14. Rfe1 e5 15.
Rad1 Rad8 16. Qf2 Qb8 17. Bb6 Rc8 18. f5 Nd7 19. Be3 b5 20. Nd5 Bxd5 21. exd5
Ne7 22. fxg6 hxg6 23. c3 Qc7 24. h4 f5 25. Bg5 Nf6 26. h5 1/2-1/2

[Event "I Memorial Vanderley Cason Melo"]
[Site "Campinas BRA"]
[Date "2010.01.22"]
[Round "10.3"]
[White "Mekhitarian, Krikor Sevag"]
[Black "Mareco, Sandro"]
[Result "1-0"]
[WhiteElo "2486"]
[BlackElo "2526"]
[PlyCount "71"]
[EventDate "2010.01.16"]
[EventType "tourn"]
[EventRounds "1"]
[EventCountry "BRA"]
[EventCategory "8"]
[Source "lmi"]
[SourceDate "2010.01.16"]

1. e4 c5 2. Nf3 e6 3. d4 cxd4 4. Nxd4 a6 5. Bd3 Bc5 6. Nb3 Be7 7. O-O d6 8. c4
Nf6 9. Nc3 O-O 10. f4 Nc6 11. Kh1 b6 12. Qe2 Bb7 13. Be3 Rc8 14. Rac1 Nd7 15.
Bb1 Re8 16. Rfd1 g6 17. Nd2 Na5 18. b4 Nc6 19. a3 Qc7 20. Nd5 exd5 21. cxd5 b5
22. dxc6 Bxc6 23. Bd4 Qb8 24. Rf1 Bf6 25. Qf2 Bb7 26. Rxc8 Qxc8 27. e5 Bg7 28.
exd6 Bxd4 29. Qxd4 Re2 30. Nf3 Bxf3 31. gxf3 Qd8 32. Rc1 Qf6 33. Qxf6 Nxf6 34.
Be4 Kg7 35. Rd1 Nd7 36. Bb7 1-0

[Event "I Memorial Vanderley Cason Melo"]
[Site "Campinas BRA"]
[Date "2010.01.22"]
[Round "10.4"]
[White "Leitao, Rafael"]
[Black "Saldaño Dayer, Horacio"]
[Result "1/2-1/2"]
[WhiteElo "2620"]
[BlackElo "2415"]
[PlyCount "36"]
[EventDate "2010.01.16"]
[EventType "tourn"]
[EventRounds "1"]
[EventCountry "BRA"]
[EventCategory "8"]
[Source "lmi"]
[SourceDate "2010.01.16"]

1. d4 Nf6 2. c4 e6 3. Nf3 d5 4. Nc3 Bb4 5. Qa4+ Nc6 6. e3 O-O 7. Bd2 dxc4 8.
Bxc4 Bd6 9. Nb5 Be7 10. O-O a6 11. Nc3 Bd6 12. h3 e5 13. d5 Ne7 14. Qc2 h6 15.
a4 Ng6 16. Bd3 Nh7 17. Bxg6 fxg6 18. Nh2 Bf5 1/2-1/2

[Event "I Memorial Vanderley Cason Melo"]
[Site "Campinas BRA"]
[Date "2010.01.22"]
[Round "10.6"]
[White "Zambrana, Oswaldo"]
[Black "Flores, Diego"]
[Result "1-0"]
[WhiteElo "2480"]
[BlackElo "2599"]
[PlyCount "63"]
[EventDate "2010.01.16"]
[EventType "tourn"]
[EventRounds "1"]
[EventCountry "BRA"]
[EventCategory "8"]
[Source "lmi"]
[SourceDate "2010.01.16"]

1. e4 c5 2. Nf3 e6 3. d4 cxd4 4. Nxd4 Bc5 5. Nc3 a6 6. Be3 Qc7 7. Qg4 g6 8.
O-O-O Nc6 9. Nxc6 Bxe3+ 10. fxe3 bxc6 11. Qg5 f6 12. Qf4 Qe5 13. Be2 Ke7 14. h4
h5 15. Rh3 Qxf4 16. exf4 e5 17. fxe5 fxe5 18. Rg3 Rh6 19. Bc4 Bb7 20. Na4 Nf6
21. Rb3 Ra7 22. Nc5 Bc8 23. Rf1 d5 24. Rbf3 Kd6 25. b4 Nd7 26. Rf7 a5 27. Nxd7
Rxd7 28. R1f6+ Kc7 29. exd5 cxd5 30. Bxd5 axb4 31. Rc6+ Kb8 32. Rxc8+ 1-0

[Event "I Memorial Vanderley Cason Melo"]
[Site "Campinas BRA"]
[Date "2010.01.22"]
[Round "10.7"]
[White "Name, Gabriel Ricardo S"]
[Black "Matsuura, Everaldo"]
[Result "0-1"]
[WhiteElo "2170"]
[BlackElo "2467"]
[PlyCount "62"]
[EventDate "2010.01.16"]
[EventType "tourn"]
[EventRounds "1"]
[EventCountry "BRA"]
[EventCategory "8"]
[Source "lmi"]
[SourceDate "2010.01.16"]

1. d4 d5 2. Nf3 c5 3. g3 cxd4 4. Nxd4 e5 5. Nb3 Nc6 6. Bg2 Be6 7. O-O h6 8. Nc3
Nf6 9. Na4 Be7 10. Nac5 Bc8 11. a4 O-O 12. Bd2 b6 13. Nd3 Qc7 14. c3 Bf5 15. h3
Rad8 16. Ne1 Qd7 17. g4 Be6 18. f4 exf4 19. Bxf4 Ne4 20. Nf3 f5 21. gxf5 Bxf5
22. Kh2 Be6 23. Ne5 Nxe5 24. Bxe5 Rxf1 25. Qxf1 Bd6 26. Bxd6 Qxd6+ 27. Kg1 Rf8
28. Qe1 Rf2 29. Qxf2 Nxf2 30. Kxf2 Qf4+ 31. Ke1 Qg3+ 0-1

[Event "I Memorial Vanderley Cason Melo"]
[Site "Campinas BRA"]
[Date "2010.01.23"]
[Round "11.1"]
[White "Matsuura, Everaldo"]
[Black "Santos, Marcus Vinicius M"]
[Result "1-0"]
[WhiteElo "2467"]
[BlackElo "2394"]
[PlyCount "61"]
[EventDate "2010.01.16"]
[EventType "tourn"]
[EventRounds "1"]
[EventCountry "BRA"]
[EventCategory "8"]
[Source "lmi"]
[SourceDate "2010.01.16"]

1. e4 e5 2. Nf3 Nc6 3. d4 exd4 4. Nxd4 Bb4+ 5. c3 Bc5 6. Bc4 Ne5 7. Bb3 Nf6 8.
O-O d5 9. exd5 O-O 10. Re1 Re8 11. Bf4 Bd6 12. Nd2 Bg4 13. Qc2 Nh5 14. Bxe5
Bxe5 15. N4f3 Qf6 16. Nxe5 Rxe5 17. Rxe5 Qxe5 18. Qe4 Qg5 19. Re1 Nf6 20. Qe3
Qg6 21. Ne4 Bd7 22. Qg3 Qxg3 23. Nxf6+ gxf6 24. hxg3 Kf8 25. f3 a5 26. Kf2 a4
27. Bc4 Ra5 28. Ke3 Ke7 29. Kd4+ Kd6 30. Rh1 Bf5 31. g4 1-0

[Event "I Memorial Vanderley Cason Melo"]
[Site "Campinas BRA"]
[Date "2010.01.23"]
[Round "11.2"]
[White "Flores, Diego"]
[Black "Name, Gabriel Ricardo S"]
[Result "1-0"]
[WhiteElo "2599"]
[BlackElo "2170"]
[PlyCount "87"]
[EventDate "2010.01.16"]
[EventType "tourn"]
[EventRounds "1"]
[EventCountry "BRA"]
[EventCategory "8"]
[Source "lmi"]
[SourceDate "2010.01.16"]

1. c4 e5 2. Nc3 Nc6 3. g3 g6 4. Bg2 Bg7 5. e3 d6 6. Nge2 Nf6 7. O-O h5 8. d4 h4
9. d5 Nb8 10. e4 hxg3 11. hxg3 Nbd7 12. Bg5 Bh6 13. Bxh6 Rxh6 14. Qd2 Rh7 15.
b4 b6 16. Rac1 a6 17. Rc2 Ke7 18. Nc1 Qf8 19. Nd3 Qh6 20. Qxh6 Rxh6 21. c5 bxc5
22. bxc5 Rb8 23. Rfc1 a5 24. Nd1 Ba6 25. N1b2 Rhh8 26. Nc4 Bxc4 27. Rxc4 Ra8
28. f4 Ra7 29. c6 Nb6 30. fxe5 dxe5 31. R4c2 Ng4 32. Bf3 Ne3 33. Rc3 Nec4 34.
Rxc4 Nxc4 35. Rxc4 Kd6 36. Rc2 f6 37. Nb2 Ke7 38. Nc4 a4 39. a3 Raa8 40. d6+
cxd6 41. Nb6 Rab8 42. Nd5+ Kf7 43. c7 Rb1+ 44. Kf2 1-0

[Event "I Memorial Vanderley Cason Melo"]
[Site "Campinas BRA"]
[Date "2010.01.23"]
[Round "11.3"]
[White "Stamenkovic, Dragan"]
[Black "Zambrana, Oswaldo"]
[Result "1/2-1/2"]
[WhiteElo "2394"]
[BlackElo "2480"]
[PlyCount "153"]
[EventDate "2010.01.16"]
[EventType "tourn"]
[EventRounds "1"]
[EventCountry "BRA"]
[EventCategory "8"]
[Source "lmi"]
[SourceDate "2010.01.16"]

1. d4 e6 2. e4 c5 3. d5 exd5 4. exd5 d6 5. c4 Nf6 6. Nc3 Be7 7. Bd3 O-O 8. Nf3
Na6 9. O-O Re8 10. h3 Nc7 11. Bf4 a6 12. a4 b6 13. Re1 Rb8 14. b3 Bf8 15. Qd2
Rxe1+ 16. Rxe1 Bd7 17. Ng5 h6 18. Nge4 Nce8 19. Ng3 b5 20. axb5 axb5 21. Nf5
bxc4 22. bxc4 Qa5 23. Rb1 Rb4 24. Rxb4 Qxb4 25. Na2 Qa3 26. Qe2 Qa5 27. g4 Bxf5
28. Bxf5 g6 29. Bd3 Bg7 30. Nc1 Qd8 31. Kg2 Nd7 32. Bg3 Ne5 33. Bc2 Nc7 34. f4
Nd7 35. Nd3 Nb6 36. Nf2 Ne8 37. Ne4 Qe7 38. Bd3 Kf8 39. Qc2 Bd4 40. Qb3 Qa7 41.
f5 gxf5 42. Nxd6 fxg4 43. hxg4 Nxd6 44. Bxd6+ Kg7 45. Bf4 Nd7 46. Bb1 Be5 47.
Bd2 Qa6 48. Bf5 Nf8 49. Qh3 Qxc4 50. Qxh6+ Kg8 51. Qg5+ Ng6 52. Qd8+ Kg7 53.
Kf2 Bf6 54. Bh6+ Kxh6 55. Qxf6 Qxd5 56. Ke3 Qe5+ 57. Qxe5 Nxe5 58. Kf4 Ng6+ 59.
Ke4 Kg5 60. Bd7 f6 61. Be6 Ne5 62. Kd5 c4 63. Kd4 Kf4 64. Bc8 Kf3 65. Be6 Ke2
66. Kc3 Ke3 67. Bf5 Kf4 68. Bc8 Nf7 69. Kd4 Nd6 70. Bd7 Kf3 71. Be6 Ke2 72. Bg8
Kf3 73. Be6 Kf4 74. Bd7 Nf7 75. Be6 Ne5 76. Bc8 Nxg4 77. Kxc4 1/2-1/2

[Event "I Memorial Vanderley Cason Melo"]
[Site "Campinas BRA"]
[Date "2010.01.23"]
[Round "11.4"]
[White "Saldaño Dayer, Horacio"]
[Black "De Nucci, Gilberto"]
[Result "1-0"]
[WhiteElo "2415"]
[BlackElo "2073"]
[PlyCount "95"]
[EventDate "2010.01.16"]
[EventType "tourn"]
[EventRounds "1"]
[EventCountry "BRA"]
[EventCategory "8"]
[Source "lmi"]
[SourceDate "2010.01.16"]

1. e4 c5 2. Nf3 e6 3. c3 Nf6 4. e5 Nd5 5. Bc4 Nb6 6. Bb3 Be7 7. d4 Nc6 8. dxc5
Bxc5 9. Nbd2 d5 10. Bc2 Be7 11. Nb3 Nc4 12. Qe2 Qc7 13. Bf4 Nxb2 14. O-O a6 15.
Bg3 Bd7 16. Bxh7 Na4 17. Bd3 Nxc3 18. Qe3 b5 19. Rfc1 b4 20. a3 a5 21. axb4
Bxb4 22. Qg5 Kf8 23. Qf4 Qb6 24. Ng5 Nd8 25. Nd4 Ne4 26. Ndf3 Nxg5 27. Nxg5 Kg8
28. h4 a4 29. h5 Rxh5 30. Qg4 Rh8 31. Nh3 Nc6 32. Rab1 Rb8 33. Nf4 Qd4 34. Qe2
g6 35. Bb5 Rc8 36. Rd1 Qc5 37. Bd3 Kg7 38. Rbc1 Qb6 39. Rb1 Qa5 40. Qg4 Rh6 41.
Bxg6 Rxg6 42. Nxg6 fxg6 43. Bh4 Be7 44. Bxe7 Nxe7 45. Qh4 Ng8 46. Rb7 Qd8 47.
Qxa4 Rc7 48. Qa5 1-0

[Event "I Memorial Vanderley Cason Melo"]
[Site "Campinas BRA"]
[Date "2010.01.23"]
[Round "11.5"]
[White "Mareco, Sandro"]
[Black "Leitao, Rafael"]
[Result "1/2-1/2"]
[WhiteElo "2526"]
[BlackElo "2620"]
[PlyCount "30"]
[EventDate "2010.01.16"]
[EventType "tourn"]
[EventRounds "1"]
[EventCountry "BRA"]
[EventCategory "8"]
[Source "lmi"]
[SourceDate "2010.01.16"]

1. d4 Nf6 2. c4 e6 3. Nf3 b6 4. g3 Ba6 5. Qc2 Bb7 6. Bg2 c5 7. d5 exd5 8. cxd5
Nxd5 9. O-O Be7 10. Rd1 Nc6 11. Qf5 Nf6 12. e4 g6 13. Qf4 O-O 14. e5 Nh5 15.
Qc4 Na5 1/2-1/2

[Event "I Memorial Vanderley Cason Melo"]
[Site "Campinas BRA"]
[Date "2010.01.23"]
[Round "11.6"]
[White "El Debs, Felipe de Cresce"]
[Black "Mekhitarian, Krikor Sevag"]
[Result "1/2-1/2"]
[WhiteElo "2480"]
[BlackElo "2486"]
[PlyCount "25"]
[EventDate "2010.01.16"]
[EventType "tourn"]
[EventRounds "1"]
[EventCountry "BRA"]
[EventCategory "8"]
[Source "lmi"]
[SourceDate "2010.01.16"]

1. Nf3 c5 2. c4 Nc6 3. Nc3 e5 4. e3 Nf6 5. Be2 Be7 6. d4 exd4 7. exd4 d5 8. Be3
cxd4 9. Nxd4 Nxd4 10. Qxd4 dxc4 11. Qxd8+ Bxd8 12. Bxc4 O-O 13. O-O 1/2-1/2

[Event "I Memorial Vanderley Cason Melo"]
[Site "Campinas BRA"]
[Date "2010.01.23"]
[Round "11.7"]
[White "Rodriguez Vila, Andres"]
[Black "Fier, Alexandr"]
[Result "0-1"]
[WhiteElo "2521"]
[BlackElo "2601"]
[PlyCount "62"]
[EventDate "2010.01.16"]
[EventType "tourn"]
[EventRounds "1"]
[EventCountry "BRA"]
[EventCategory "8"]
[Source "lmi"]
[SourceDate "2010.01.16"]

1. e4 c5 2. Nf3 d6 3. g3 Nc6 4. Bg2 g6 5. O-O Bg7 6. c3 e5 7. Na3 Nge7 8. d4
cxd4 9. cxd4 exd4 10. Nb5 Bg4 11. h3 Bxf3 12. Qxf3 a6 13. Na3 O-O 14. Bf4 Ne5
15. Qb3 b5 16. Rac1 Rc8 17. Bd2 Qb6 18. f4 Nd7 19. Kh2 Nc5 20. Qf3 Na4 21. f5
Nc6 22. Rxc6 Qxc6 23. f6 Bh8 24. Qg4 Nc5 25. Nc2 Qd7 26. Qh4 Nb3 27. Bh6 Rxc2
28. Bxf8 Nd2 29. Rf2 d3 30. Qh6 Nxe4 31. Bg7 Nxf2 0-1

[Event "I Memorial Vanderley Cason Melo"]
[Site "Campinas BRA"]
[Date "2010.01.23"]
[Round "12.1"]
[White "Santos, Marcus Vinicius M"]
[Black "Fier, Alexandr"]
[Result "1-0"]
[WhiteElo "2394"]
[BlackElo "2601"]
[PlyCount "75"]
[EventDate "2010.01.16"]
[EventType "tourn"]
[EventRounds "1"]
[EventCountry "BRA"]
[EventCategory "8"]
[Source "lmi"]
[SourceDate "2010.01.16"]

1. e4 c5 2. Nc3 Nc6 3. f4 g6 4. Nf3 Bg7 5. Bb5 Nd4 6. O-O Nxb5 7. Nxb5 d6 8. d3
a6 9. Nc3 b5 10. Qe1 b4 11. Ne2 a5 12. f5 Qb6 13. Nf4 Nf6 14. Kh1 Bb7 15. Qg3
O-O-O 16. Be3 Rhg8 17. fxg6 hxg6 18. Nd2 Kb8 19. a3 e5 20. Nh3 d5 21. exd5 Nxd5
22. axb4 Nxe3 23. Qxe3 axb4 24. Nc4 Qc7 25. Ng5 f5 26. Na5 Bh6 27. Nxb7 Bxg5
28. Qxg5 Kxb7 29. Qf6 Ra8 30. Rxa8 Rxa8 31. Qxg6 f4 32. Qe4+ Kb8 33. c3 Ra2 34.
cxb4 Rxb2 35. Ra1 Kc8 36. Qd5 Rxb4 37. Ra8+ Rb8 38. Qe6+ 1-0

[Event "I Memorial Vanderley Cason Melo"]
[Site "Campinas BRA"]
[Date "2010.01.23"]
[Round "12.2"]
[White "Mekhitarian, Krikor Sevag"]
[Black "Rodriguez Vila, Andres"]
[Result "1/2-1/2"]
[WhiteElo "2486"]
[BlackElo "2521"]
[PlyCount "136"]
[EventDate "2010.01.16"]
[EventType "tourn"]
[EventRounds "1"]
[EventCountry "BRA"]
[EventCategory "8"]
[Source "lmi"]
[SourceDate "2010.01.16"]

1. e4 e6 2. d4 d5 3. Nc3 Nf6 4. e5 Nfd7 5. f4 c5 6. Nf3 Nc6 7. Be3 Be7 8. Be2
O-O 9. O-O a6 10. Qd2 b5 11. a3 Qb6 12. Rad1 Bb7 13. dxc5 Bxc5 14. Bxc5 Nxc5
15. Qe3 Rac8 16. Bd3 Na4 17. Qxb6 Nxb6 18. Ne2 Nc4 19. Bxc4 dxc4 20. Rd7 Rb8
21. Rfd1 Rfd8 22. Ng5 Rxd7 23. Rxd7 Nd8 24. Nc3 a5 25. Kf2 b4 26. axb4 axb4 27.
Nd1 h6 28. Nf3 Rc8 29. Ne3 Bc6 30. Rd4 Bb5 31. Rd6 Nc6 32. Nd4 Nxd4 33. Rxd4 b3
34. cxb3 cxb3 35. Rb4 Rc2+ 36. Kg3 Re2 37. Rxb5 Rxe3+ 38. Kf2 Re4 39. Kf3 Rc4
40. Rxb3 g5 41. g3 Kg7 42. Rb7 Kg6 43. h4 gxh4 44. gxh4 h5 45. b4 Rc3+ 46. Ke4
Rh3 47. Rb8 Kg7 48. Rc8 Rxh4 49. Rc1 Rh2 50. Rb1 Rd2 51. b5 Kg6 52. b6 Rd8 53.
b7 Rb8 54. Rb6 h4 55. Kf3 Kf5 56. Rb4 f6 57. exf6 Kxf6 58. Rb5 Ke7 59. Rb6 Kd7
60. Kg4 e5 61. fxe5 Kc7 62. Rh6 Kxb7 63. Rxh4 Kc6 64. Kf5 Rf8+ 65. Ke4 Rf1 66.
Rh7 Rf2 67. Rg7 Rf1 68. Kd4 Rf4+ 1/2-1/2

[Event "I Memorial Vanderley Cason Melo"]
[Site "Campinas BRA"]
[Date "2010.01.23"]
[Round "12.3"]
[White "Leitao, Rafael"]
[Black "El Debs, Felipe de Cresce"]
[Result "1/2-1/2"]
[WhiteElo "2620"]
[BlackElo "2480"]
[PlyCount "47"]
[EventDate "2010.01.16"]
[EventType "tourn"]
[EventRounds "1"]
[EventCountry "BRA"]
[EventCategory "8"]
[Source "lmi"]
[SourceDate "2010.01.16"]

1. d4 Nf6 2. c4 g6 3. Nf3 Bg7 4. g3 c6 5. Bg2 O-O 6. O-O d5 7. Qb3 Qb6 8. Nc3
dxc4 9. Qxc4 Bf5 10. Ng5 h6 11. e4 Bg4 12. h3 hxg5 13. hxg4 Rd8 14. Bxg5 Rxd4
15. Qe2 Qa6 16. Bxf6 exf6 17. Rfd1 Qxe2 18. Nxe2 Rxd1+ 19. Rxd1 Na6 20. Nf4 Rc8
21. a3 Kf8 22. Bf1 Nb8 23. Bc4 Ke7 24. Kf1 1/2-1/2

[Event "I Memorial Vanderley Cason Melo"]
[Site "Campinas BRA"]
[Date "2010.01.23"]
[Round "12.4"]
[White "De Nucci, Gilberto"]
[Black "Mareco, Sandro"]
[Result "0-1"]
[WhiteElo "2073"]
[BlackElo "2526"]
[PlyCount "48"]
[EventDate "2010.01.16"]
[EventType "tourn"]
[EventRounds "1"]
[EventCountry "BRA"]
[EventCategory "8"]
[Source "lmi"]
[SourceDate "2010.01.16"]

1. d4 Nf6 2. c4 e6 3. Nf3 b6 4. Nc3 Bb7 5. a3 d5 6. e3 Be7 7. Bd3 O-O 8. O-O c5
9. cxd5 cxd4 10. Nxd4 Nxd5 11. Qc2 Nf6 12. Rd1 Nbd7 13. b4 Rc8 14. Bb2 Ne5 15.
Be2 Qc7 16. h3 a6 17. Rac1 Qb8 18. Qb3 b5 19. a4 bxa4 20. Qxa4 Nc4 21. Ba1 Rfd8
22. Qa2 Nb6 23. Bxa6 Bxb4 24. Bxb7 Qxb7 0-1

[Event "I Memorial Vanderley Cason Melo"]
[Site "Campinas BRA"]
[Date "2010.01.23"]
[Round "12.5"]
[White "Zambrana, Oswaldo"]
[Black "Saldaño Dayer, Horacio"]
[Result "1-0"]
[WhiteElo "2480"]
[BlackElo "2415"]
[PlyCount "79"]
[EventDate "2010.01.16"]
[EventType "tourn"]
[EventRounds "1"]
[EventCountry "BRA"]
[EventCategory "8"]
[Source "lmi"]
[SourceDate "2010.01.16"]

1. e4 e5 2. Nf3 Nf6 3. Nxe5 d6 4. Nf3 Nxe4 5. d4 d5 6. Bd3 Bd6 7. O-O O-O 8. c4
c6 9. Qc2 Na6 10. a3 Bg4 11. Ne5 Bf5 12. f3 Bxe5 13. dxe5 Qb6+ 14. c5 Naxc5 15.
Be3 d4 16. Bxd4 Rfd8 17. Be3 Rxd3 18. Qxd3 Nxd3 19. Bxb6 axb6 20. fxe4 Bxe4 21.
Nc3 Bg6 22. b4 Nxe5 23. a4 f6 24. Rfd1 Kf7 25. Rd4 Ke7 26. Kf2 b5 27. Ke3 Bc2
28. a5 Bg6 29. Ne4 Bxe4 30. Kxe4 g6 31. Rad1 h5 32. h3 h4 33. Rd6 Nc4 34. Rd7+
Ke6 35. Rc7 g5 36. Rdd7 Nd6+ 37. Kd4 Ra6 38. Re7+ Kf5 39. Rcd7 c5+ 40. Kxc5 1-0